| 000 | 01167cam a2200241 a 4500 | ||
|---|---|---|---|
| 999 |
_c329114 _d329114 |
||
| 001 | 13713215 | ||
| 003 | Nust | ||
| 005 | 20170424145116.0 | ||
| 008 | 040908s2004 nyu 000 0 eng | ||
| 010 | _a 2004058274 | ||
| 020 | _a0143034537 | ||
| 040 |
_aDLC _cDLC _dDLC |
||
| 050 | 0 | 0 |
_aPR9369.3.C58 _bL43 2004 |
| 082 | 0 | 0 |
_a823.914 COE _222 |
| 100 | 1 |
_aCoetzee, J. M., _d1940- |
|
| 245 | 1 | 0 |
_aLecture and speech of acceptance, upon the award of the Nobel Prize, delivered in Stockholm in December 2003 / _cJ.M. Coetzee. |
| 260 |
_aNew York : _bPenguin Books, _c2004. |
||
| 300 |
_a26 p. ; _c19 cm. |
||
| 856 | 4 | 2 |
_3Contributor biographical information _uhttp://www.loc.gov/catdir/enhancements/fy0716/2004058274-b.html |
| 856 | 4 | 2 |
_3Publisher description _uhttp://www.loc.gov/catdir/enhancements/fy0716/2004058274-d.html |
| 906 |
_a7 _bcbc _corignew _d1 _eocip _f20 _gy-gencatlg |
||
| 942 |
_2ddc _cBK |
||